| 000 | 01752nab a22002777a 4500 | ||
|---|---|---|---|
| 999 |
_c5703 _d5703 |
||
| 003 | OSt | ||
| 005 | 20251229122415.0 | ||
| 008 | 190429b xxu||||| |||| 00| 0 spa d | ||
| 040 | _cPJ | ||
| 100 |
_96636 _aSantoianni, Juan Pablo |
||
| 245 | 1 | 0 |
_aConstitucionalidad de las restricciones para acceder a la libertad condicional y demás beneficios en los delitos previstos en la ley 23.737 /
_cJuan Pablo Santoianni. |
| 260 |
_cCiudad Autónoma de Buenos Aires : _aThomson Reuters La Ley, _b2025. |
||
| 300 | _ap. 205-214 | ||
| 500 | _aCita: TR LALEY AR/DOC/2209/2025. | ||
| 505 |
_aSumario: I. Introducción.— II. La cuestión debatida en el plenario "Tobar Coca". Distintas posturas.— III. Cuestionamientos constitucionales a las modificaciones introducidas por la ley 27.375.— IV. Inexistencia de una doctrina de la Corte respecto de la exclusión de determinados delitos de la libertad condicional y demás salidas anticipadas.— V. Reflexiones sobre la constitucionalidad de las restricciones en los delitos previstos en los arts. 5°, 6° y 7° ley 23.737.— VI. Conclusiones.
_g |
||
| 505 | _tFallos comentados: CFCasación Penal, en pleno ~ 08/04/2025 ~ Tobar Coca, Néstor s/ inaplicabilidad de ley. | ||
| 505 | _tSi te interesa el texto completo, solicitalo a koha@justierradelfuego.gov.ar | ||
| 650 | 0 |
_9343 _aDERECHO PENAL |
|
| 650 | 0 |
_92954 _aLIBERTAD CONDICIONAL |
|
| 650 | 0 |
_91237 _aIGUALDAD ANTE LA LEY |
|
| 650 | 0 |
_92870 _aESTUPEFACIENTES |
|
| 650 | 0 |
_94950 _aPRINCIPIO DE PROGRESIVIDAD |
|
| 650 | 0 | _aPRINCIPIO DE RAZONABILIDAD | |
| 773 | 0 |
_02658 _93164 _tRevista de derecho penal y criminología. Nº 8 - Octubre 2025 _dCiudad Autónoma de Buenos Aires : Thomson Reuters La Ley, 2017- _x00347914 |
|
| 942 |
_2udc _cANA |
||